Sports Quiz

Random Sports or Letter Quiz

Most career HR by last letter of name Quiz Stats

 Plays Quiz not verified by Sporcle

Challenge
Share
Tweet
Embed
Score 0/23 Timer 08:00
0 Plays Today
Letter Player % Correct
SBarry Bonds
99.3%
NHank Aaron
98.9%
HBabe Ruth
97.4%
Z*Alex Rodriguez
93.4%
ASammy Sosa
89.1%
E*Jim Thome
88.7%
YKen Griffey
88%
XJimmie Foxx
81%
WHarmon Killebrew
75.9%
GLou Gehrig
69.7%
ORafael Palmeiro
67.5%
TMike Schmidt
60.2%
Letter Player % Correct
FFred McGriff
58%
LStan Musial and Willie Stargell
55.5%
DGary Sheffield
45.3%
ICarl Yastrzemski
41.2%
RDuke Snider
21.5%
KCarlton Fisk
9.1%
UMoises Alou
8.4%
BRusty Staub
7.3%
MMarquis Grissom
3.6%
VBob Cerv
2.9%
PJim Northrup
2.6%

You're not logged in!

Compare scores with friends on all Sporcle quizzes.
OR
Log In

You Might Also Like...

Show Comments

Extras

Top Quizzes Today


Score Distribution

Your Account Isn't Verified!

In order to create a playlist on Sporcle, you need to verify the email address you used during registration. Go to your Sporcle Settings to finish the process.

Report this User

Report this user for behavior that violates our Community Guidelines.

Details: